| 000 | 00670nam a2200205 i 4500 | ||
|---|---|---|---|
| 001 | 73994 | ||
| 003 | ES-MaACL | ||
| 005 | 20250808090128.0 | ||
| 007 | t| | ||
| 008 | 040914s1911 ag |||| | spa d | ||
| 100 | 1 |
_aGonzález Calderón, Juan A. _958480 |
|
| 245 | 1 | 0 |
_aFunción constitucional de los ministros / _cJuan A. González Calderón. |
| 260 |
_aBuenos Aires : _b[s.n.], _c1911. |
||
| 300 |
_a57 p. ; _c26 cm. |
||
| 500 | _aDe la "Revista Argentina de Ciencias Políticas", año 3, n. 7. | ||
| 650 | 0 | 7 |
_aDerecho constitucional _2embne _911680 |
| 852 |
_aES-MaACL _j1590-F-24 _z. - Donativo Argentino |
||
| 942 | _2udc | ||
| 999 |
_c73994 _d73994 |
||